000 00757nam a2200217Ia 4500
008 191130s2005##################000#0#eng##
020 _a9780060850302 (alk. paper)
040 _aACL
_cACL
082 _a338.092 KHA
100 _aKhan, Riz
245 _aAlwaleed : businessman, billionaire, prince
_cRiz Khan
260 _aNew York
_bWilliam Morrow
_c2005
300 _axvi, 416 p. : ill. (some col.) ; 24 cm. + 1 DVD ROM (4 3/4 in.)
500 _aIncludes index
650 _aBillionaires - Saudi Arabia - Biography
650 _aBusinessmen - Saudi Arabia - Biography
650 _aWalīd ibn Ṭalāl, Prince, grandson of Ibn Saʻūd, King of Saudi Arabia
990 _a723a1b87ac10000c36e46f207f2b7150
991 _a187528
999 _c366670
_d366670